| 000 | 00488nam a2200145 a 4500 | ||
|---|---|---|---|
| 001 | 000019159 | ||
| 005 | 20200929165933.0 | ||
| 008 | 810115s1972 ho c 000 0 spa d | ||
| 040 |
_aDO-SdBNP _bspa _cBNPHU |
||
| 082 |
_axxx _bP348v |
||
| 100 | 1 |
_aPaz Barnica, Edgardo _98115 |
|
| 245 | 1 | 0 |
_aVilleda Morales : _bel imperativo categorico / _cEdgardo Paz Barnica. |
| 260 |
_aTegucigalpa : _bConsejo Central Ejecutivo del Partido Liberal de Honduras, _c1972. |
||
| 300 |
_a37 p. : _bretr. ; _c27 cm. |
||
| 999 |
_c18677 _d18677 |
||